| 000 | 00604nam a2200229Ia 4500 | ||
|---|---|---|---|
| 003 | GCL | ||
| 008 | 140319s9999 xx 000 0 eng d | ||
| 040 |
_aGCL / _cGCL |
||
| 082 | 0 | 4 |
_a720.964 _bD M |
| 100 | 1 | _aDENNIS, LISL | |
| 245 | 1 | 0 |
_aMOROCCO: DESIGN FROM CASABLANCA TO MARRAKESH / _cDENNIS, LISL |
| 700 | 1 | _aDENNIS, LANDT | |
| 260 |
_a[S.N] : _bCLARKSON POTTER PUBLISHERS ، _c1992 |
||
| 300 | _a252 P | ||
| 650 | 0 | 4 | _aARCHITECTURE, DEMESTIC |
| 650 | 0 | 4 | _aMOROCCO |
| 650 | 0 | 4 | _aCITIES |
| 650 | 0 | 4 | _aCASABLANCA |
| 650 | 0 | 4 | _aMARRAKESH |
| 650 | 0 | 4 | _aARCHITECTURE, ISLAMIC |
| 942 |
_2ddc _cBK |
||
| 999 |
_c19136 _d19136 |
||